| 000 | 02460nam a2200637 i 4500 | ||
|---|---|---|---|
| 001 | 55746 | ||
| 003 | KOSZ 005 | ||
| 005 | 20220119140305.0 | ||
| 008 | 200430s2008 pl a f 000 0 pol | ||
| 015 | _aUWD 2009/4969 | ||
| 020 | _a9788324915200 | ||
| 020 | _z9788324915026 | ||
| 035 | _a991046333109705066 | ||
| 035 | _a(PL-WaBN)b22732883-48omnis_nlop | ||
| 035 | _ab22732883 | ||
| 035 | _a(OCoLC)297780730 | ||
| 035 | _a(PL)b0000002273288 | ||
| 035 | _a(EXLNZ-48OMNIS_NETWORK)9910446748205606 | ||
| 040 |
_aWA N _cWA N _dKOSZ 005/RW |
||
| 046 | _k2008 | ||
| 080 | _a006.3/.8 | ||
| 080 | _a624.012.2 | ||
| 080 | _a624.04 | ||
| 245 | 0 | 0 |
_aRozszerzenie podstaw naukowych ustaleń Eurokodu 6 "Projektowanie konstrukcji murowych" : _bkomentarz naukowo-badawczy do PN-EN 1996-1-1:2008, PN-EN 1996-2:2008 i PN-EN 1996-3:2008. _nT. 1 / _ckierownik zespołu autorskiego Bohdan Lewicki ; [autorzy] Bohdan Lewicki [et al.] ; Instytut Techniki Budowlanej. |
| 246 | 1 | 8 | _aRozszerzenie podstaw naukowych ustaleń Eurokodu 6 |
| 260 |
_aWarszawa : _bInstytut Techniki Budowlanej, _c2008. |
||
| 300 |
_a266 stron : _bilustracje ; _c29 cm. |
||
| 336 |
_aTekst _btxt _2rdacontent |
||
| 337 |
_aBez urządzenia pośredniczącego _bn _2rdamedia |
||
| 338 |
_aWolumin _bnc _2rdacarrier |
||
| 380 | _aKsiążki | ||
| 380 | _aPublikacje fachowe | ||
| 388 | _a2001- | ||
| 500 | _aNa stronie redakcyjnej błędnie przypisany ISBN. | ||
| 504 | _aBibliografia na stronach 11-26 i przy rozdziałach. | ||
| 650 | 7 |
_aKonstrukcje murowe _2DBN |
|
| 650 | 7 |
_aStatyka budowlana _2DBN |
|
| 650 | 7 | _aNormalizacja | |
| 650 | 7 | _aEurokody | |
| 651 | 7 | _aPolska | |
| 655 | 7 |
_aInstrukcja _2DBN |
|
| 658 | _aArchitektura i budownictwo | ||
| 700 | 1 |
_aLewicki, Bohdan _d(1921-2012) _eAutor |
|
| 700 | 1 |
_aKubica, Jan _eAutor |
|
| 700 | 1 |
_aDrobiec, Łukasz _eAutor |
|
| 700 | 1 |
_aGajownik, Roman _eAutor |
|
| 700 | 1 |
_aJarmontowicz, Roman _eAutor |
|
| 700 | 1 |
_aJasiński, Radosław _c(budownictwo) _eAutor |
|
| 700 | 1 |
_aKubiak, Danuta _eAutor |
|
| 700 | 1 |
_aPiekarczyk, Adam _eAutor |
|
| 700 | 1 |
_aSieczkowski, Jan _eAutor |
|
| 710 | 2 |
_aInstytut Techniki Budowlanej _4pbl |
|
| 856 |
_uhttp://koha.tu.koszalin.pl/cgi-bin/koha/opac-detail.pl?biblionumber=55746 _yKatalog online BPK |
||
| 942 |
_2UKD _cKS |
||
| 999 |
_c55746 _d55746 |
||